| 000 | 01653 a2200265 4500 | ||
|---|---|---|---|
| 020 | _a978-0-07-067120-1 | ||
| 020 | _a978-0-07-067120-1 | ||
| 082 | _a004 | ||
| 090 |
_c1458 _d1458 |
||
| 100 | 1 | _aNorton, Peter. | |
| 245 | 1 | 0 |
_aPeter norton's intro to computers 7/e / _cPeter Norton. |
| 250 | _a7th ed. | ||
| 260 |
_a[S.l.] : _bCareer Education, _c2011. |
||
| 300 |
_a628 p. ; _c27 cm. |
||
| 520 | _aThis stand-alone CD-ROM for students provides a full multimedia review of each chapter for added impact. It includes a pre-test and post-test to help reinforce learning and retention. | ||
| 942 |
_aSNS _cBK _k004 NOR |
||
| 999 |
_c30069 _d30069 |
||